Birds of the US - Pigeons and Cuckoos - Statistics

General Stats
  • This quiz has been taken 19 times
  • The average score is 13 of 17
Answer Stats
Hint Answer % Correct
Zenaida macroura Mourning Dove
100%
Columba livia Rock Pigeon
100%
Coccyzus erythrophthalmus Black-billed Cuckoo
87%
Geococcyx californianus Greater Roadrunner
87%
Columbina inca Inca Dove
87%
Coccyzus americanus Yellow-billed Cuckoo
87%
Patagioenas fasciata Band-tailed Pigeon
80%
Crotophaga ani Smooth-billed Ani
80%
Zenaida asiatica White-winged Dove
80%
Columbina passerina Common Ground Dove
73%
Coccyzus minor Mangrove Cuckoo
73%
Streptopelia decaocto Eurasian Collared Dove
67%
Crotophaga sulcirostris Groove-billed Ani
67%
Columbina talpacoti Ruddy Ground Dove
67%
Patagioenas leucocephala White-crowned Pigeon
60%
Patagioenas flavirostris Red-billed Pigeon
40%
Leptoptila verreauxi White-tipped Dove
20%
No matching quizzes found
Score Distribution
Percent of People with Each Score
Percentile by Number Answered
Your Score History
You have not taken this quiz